000 00717nam a2200241Ia 4500
001 Z_5333
008 220601s9999 xx 000 0 und d
020 _a968-24-4410-1
082 _a636.58 O84
100 _aOteiza Fernández, José
_984310
245 _aRazas de gallinas : origen y descripción / José Oteiza Fernández
260 _aMéxico : Trillas
300 _a172 p.
503 _aej.1: - ej.3: C/E \ ej.4: 0008 \ ej.5: 0009
504 _aBibliografía: p. 165Incluye índice
650 _a1. Aves de corral - Razas
650 _aAviculturaÌ
901 _a636.58 O84
902 _aM
905 _a5232272004 mx a 8211113311spa16
942 _c1
999 _c216955
_d216955